000 00388nam a22001457a 4500
082 _aP-760
100 _aSulehri ,Hammad Ahmad
_951271
245 _aAnalysis study of deep foundation elements at swat motorway
260 _aRisalpur,
_bMCE,
_c2017.
300 _a95p.
526 _a0
_b0
_c0
_dP_760
650 _aGeotech
_951272
700 _aLt Col Dr Kamran
_950952
942 _2ddc
_cBK
999 _c553996
_d553996